000 00453nam a2200169 i 4500
001 32699
003 ES-MaACL
005 20240522063033.0
007 t|
008 030131s1932 fr ||||1| fre d
100 0 _aBenoit, Pierre,
_d1886-1962
_927757
245 1 2 _aL'ile vert
_b: roman /
_cPierre Benoit.
260 _aParis :
_bBussou,
_c1932.
300 _a314 p. ;
_c19 cm.
852 _aES-MaACL
_jF-13986
999 _c32699
_d32699